Personnages de fiction qui ont le pouvoir de transformer en pierre - Statistiques

Statistiques générales
  • Ce quiz a été pris 20 fois
  • Le résultat moyen est 2 sur 6
Statistiques - réponses
Par images Réponse % Correct
Méduse
85%
Boa Hancock
80%
Dabra
40%
Vaati
20%
Jadis
10%
Ibara
5%
Aucun quiz correspondant
Distribution des résultats
% des personnes avec chaque résultat
Percentile par nombre de réponses
Votre historique - résultats
Vous n’avez pas pris ce quiz